000 00591nam a2200205 i 4500
001 26456
003 ES-MaACL
005 20240528062844.0
007 t|
008 030109q1935 sp ||||1| spa d
100 1 _aAstrana Marín, Luis.
_923693
245 1 0 _aVida azarosa de Lope de Vega /
_cLuis Astrana Marín.
250 _a1ª ed.
260 _aBarcelona :
_bJuventud,
_c1935 (
_fClarasó)
300 _a509 p. :
_bil. ;
_c22 cm.
504 _aBibliografía: p. [491]-506.
600 1 4 _aVega, Lope de,
_d1562-1635
_9113563
852 _aES-MaACL
_jA-3830
999 _c26456
_d26456